01360nam a2200277Ia 4500001001200000003000800012006001900020007001500039008004100054040002100095035002100116050002200137245026300159260005600422300001500478533015200493650003600645650003700681655002900718700002100747700002400768710013000792710001700922856012600939999001701065ebr10071557CaPaEBRm u cr cn|||||||||050323s1999 dcu s 000 0 eng d aCaPaEBRcCaPaEBR a(OCoLC)56783584314aHV29b.D38 1999eb00aData and methodological issues for tracking former welfare recipientsh[electronic resource] :ba workshop summary /cPanel on Data and Methods for Measuring the Effects of Changes in Social Welfare Programs; Robert A. Moffitt and Michele Ver Ploeg, editors. aWashington, D.C. :bNational Academy Press,cc1999. avii, 19 p. aElectronic reproduction.bPalo Alto, Calif. :cebrary,d2011.nAvailable via World Wide Web.nAccess may be limited to ebrary affiliated libraries. 0aWelfare recipientsvStatistics. 0aPublic welfarexData processing. 7aElectronic books.2local1 aMoffitt, Robert.1 aVer Ploeg, Michele.2 aNational Research Council (U.S.).bPanel on Data and Methods for Measuring the Effects of Changes in Social Welfare Programs.2 aebrary, Inc.40uhttp://site.ebrary.com/lib/rucke/Doc?id=10071557zAn electronic book accessible through the World Wide Web; click to view c44122d44122